| 000 | 01098cab a22002295a 4500 | ||
|---|---|---|---|
| 001 | L143936 | ||
| 008 | 080609e20080527xxk f 000 0 eng d | ||
| 035 | _a(Sirsi) u143936 | ||
| 041 | 0 | _aeng | |
| 100 | 1 | _aGallagher, Sean | |
| 245 | 0 | 0 | _aCounting the cost of Energy Performance Certificates |
| 260 | _c2008 | ||
| 490 | 0 |
_aSolicitors' Journal _v152(21) 27 May 2008, 13-14(2) |
|
| 520 | _aDiscusses the issue of how to fund EPCs (Energy Performance Certificates). Stresses the importance of shopping around and getting good legal advice. Notes the pressure on owners and landlords. Comments on the likely impact on investors? attitudes. Concludes that EPCs are a key decision for landlords. | ||
| 590 | _aKA | ||
| 650 | 2 | 4 | _aCOMMERCIAL ENERGY PERFORMANCE CERTIFICATES |
| 650 | 2 | 4 | _aEUROPEAN ENERGY PERFORMANCE OF BUILDINGS DIRECTIVE 2002/91/EC |
| 650 | 2 | 4 | _aENERGY PERFORMANCE OF BUILDINGS (CERTIFICATES AND INSPECTIONS) (ENGLAND AND WALES) REGULATIONS 2007 |
| 651 | 4 | _aEngland and Wales | |
| 690 | _aENVIRONMENTAL AND LAND CONSULTANCY-ENERGY-ENERGY USE-ENERGY EFFICIENCY | ||
| 942 | _n0 | ||
| 999 |
_c80318 _d80318 |
||